000 00486nam a2200181Ia 4500
008 090123s9999 xx 000 0 und d
082 _b3538
_a891.463/नांगरे
100 _aनांगरे बलराम
245 _aअपंगा
250 _a1
260 _c1974
300 _a167
600 _aनांगरे बलराम
630 _aअपंगा
700 _aनांगरे बलराम
730 _aअपंगा
942 _cBOOK
999 _c41618
_d41618